000 00502nam a22001697a 4500
003 BD-DhUL
005 20170417180547.0
008 170417s1968 n ||||| |||| 00| 0 eng d
040 _aBD-DhUL
_cBD-DhUL
082 _a385.3105
_bUNA
110 2 _aUnited Nations
245 1 0 _aAnnual bulletin of transport statistics for Europe 1967 :
_cUnited Nations
_bnineteenth year /
260 _aNew York :
_bUnited Nations,
_c1968.
300 _a135 p. ;
_c28 cm.
650 0 _aFacilities
942 _2ddc
_cREF
999 _c183770
_d183770